• 首页
  • 本馆介绍
  • 公告通知
  • 最新文献
  • 馆藏检索
  • 电子资源
  • 读者导购
  • 参考咨询
  • 我的图书馆
  • 登录
  • 详细信息显示
  • 放入我的书架
  • 预约/预借图书
  • 作者相关作品
  • 分类相关作品
  • 丛书相关作品
  • 出版社相关作品

书目信息

  • 表格格式
  • 工作单格式
  • 卡片格式
题名:
社会主义民主党在民主革命中的两种策略
    
 
作者: 列宁 著 ;中共中央马、恩、列、斯著作编译局 译
分册:  
出版信息: 北京   人民出版社  1950.01
页数: 124页
开本: 19cm
丛书名:
单 册:
中图分类: A22
科图分类:
主题词: 列字著作--单行本
电子资源:
ISBN:
000 00759nam0 2200217 45
001 0404211016
005 20040421102333.1
010    @dCNY0.28
091    @a1001.19
100    @a20040421d1950 km y0chiy0120 ea
101 0  @achi
105    @a z 000yy
200 1  @a社会主义民主党在民主革命中的两种策略@AShe Hui Zhu Yi Min Zhu Dang Zai Min Zhu Ge Ming Zhong De Liang Zhong Ce Lue@f列宁著@FLie Ning Zhu@g中共中央马、恩、列、斯著作编译局译
210    @a北京@c人民出版社@d1950.01
215    @a124页@d19cm
606 0  @a列字著作@x单行本
690    @aA22@v3
701  0 @a列宁@4著
712 02 @a中共中央马、恩、列、斯著作编译局@AZhong Gong Zhong Yang Ma、En、Lie、Si Zhu Zuo Bian Yi Ju@4译
801    @aCN@bPftUser@c20040421
905    @f0@f1@b65528@dA22@e15:0507
    
    社会主义民主党在民主革命中的两种策略/列宁著/中共中央马、恩、列、斯著作编译局译.-北京:人民出版社,1950.01
    124页;19cm
    
    
    ISBN :CNY0.28
    
●
相关链接 在E读中查询图书 在五车中查询图书 在当当中查询图书 在豆瓣中查询图书


正题名:社会主义民主党在民主革命中的两种策略     索取号:A22/15:0507         预约/预借

序号 登录号 条形码 馆藏地/架位号 状态 备注
1 0065525   000951571   第一借阅区/ [索取号:A22/15:0507] 在馆    
2 0065528   000951615   第一借阅区/ [索取号:A22/15:0507] 在馆    
3 0065529   000951385   第一借阅区/ [索取号:A22/15:0507] 在馆    
4 0065530   000951544   第一借阅区/ [索取号:A22/15:0507] 在馆    
5 0065535   000951376   第一借阅区/ [索取号:A22/15:0507] 在馆    
6 0065540   000951410   第一借阅区/ [索取号:A22/15:0507] 在馆    
唐山师范学院图书馆 欢迎您!
大连网信软件有限公司© 版权所有